000
00322nam a22001337a 4500
020
_a
978-0-14-015754-3
082
_a
823
_b
MAR/C
100
_a
MARQUES, GABRIEL GARCIA
245
_a
CHRONICLE OF A DEATH FORETOLD
260
_a
NEW YORK
_b
PENGUIN BOOKS
_c
1996
300
_a
122
650
_a
NOVEL
_z
UNITED STATES
942
_c
BK
999
_c
3529
_d
3529